02362cam a2200301 i 45000010005000000030006000050050017000110080041000280100017000690200018000860200026001040400028001300420008001580500024001660820025001901000019002152450053002342600037002873000024003243360021003483370025003693380023003945201510004176000019019276500067019466500025020136500022020382790FISKH20240610145227.0140117s2014 nyu 000 0aeng  a 2013048959 a9780812994261 z9780812994278 (ebook) aDLCbengcDLCerdadDLC apcc00aPN2287.K44bA3 201400a791.4302/8092aB2231 aKeaton, Diane.10aLet's just say it wasn't pretty /cDiane Keaton. aNew York :bRandom House,c2014. a192 pages ;c22 cm  atext2rdacontent aunmediated2rdamedia avolume2rdacarrier aDiane Keaton has spent a lifetime coloring outside the lines of the conventional notion of beauty. In Let's Just Say It Wasn't Pretty, she shares the wisdom she's accumulated through the years as a mother, daughter, actress, artist, and international style icon. This is a book only Diane Keaton could write a smart and funny chronicle of the ups and downs of living and working in a world obsessed with beauty. In her one-of-a-kind voice, Keaton offers up a message of empowerment for anyone who's ever dreamed of kicking back against the should and supposed to that undermine our pursuit of beauty in all its forms. From a mortifying encounter with a makeup artist who tells her she needs to get her eyes fixed to an awkward excursion to Victoria's Secret with her teenage daughter, Keaton shares funny and not-so-funny moments from her life in and out of the public eye. For Diane Keaton, being beautiful starts with being true to who you are, and in this book she also offers self-knowing commentary on the bold personal choices she's made through the years: the wide-brimmed hats, outrageous shoes, and all-weather turtlenecks that have made her an inspiration to anyone who cherishes truly individual style and catnip to paparazzi worldwide. She recounts her experiences with the many men in her life including Warren Beatty, Jack Nicholson, Al Pacino, and Sam Shepard shows how our ideals of beauty change as we age, and explains why a life well lived may be the most beautiful thing of all. 10aKeaton, Diane. 0aMotion picture actors and actresseszUnited StatesvBiography. 0aBody image in women. 0aBeauty, Personal.